Laddar...
Aasa /
| Huvudupphovsman: | |
|---|---|
| Materialtyp: | Printed Book |
| Språk: | Malayalam |
| Publicerad: |
Thuravoor :
Sree Narasimha Vilasam Book Depot ,
1953.
|
| LEADER | 00546cam a2200181ua 4500 | ||
|---|---|---|---|
| 020 | |c 2.00 | ||
| 041 | |a mal | ||
| 082 | |a 894.812308 |b MPO/AA | ||
| 100 | |a Moppasang, . | ||
| 245 | |a Aasa / |c Moppasang. |h Textual Documents | ||
| 260 | |a Thuravoor : |b Sree Narasimha Vilasam Book Depot , |c 1953. | ||
| 300 | |a 161 ; . | ||
| 365 | |a 2.00 | ||
| 504 | |||
| 541 | |e 5671 |h 2.00 | ||
| 942 | |c BK | ||
| 999 | |c 33163 |d 33163 | ||
| 952 | |0 0 |1 0 |4 0 |6 894_812308000000000 |7 0 |9 43620 |a KAUAET |b KAUAET |d 2012-04-07 |m 0 |o 894.812308 |p KAU_KCAET-5671 |r 2012-04-07 |w 2012-04-07 |y BK | ||